Koncepčný návrh podvozku kolesového rýpadla s hmotnosťou 20 t

Saved in:
Bibliographic Details
Main Author: Bilhovskyi, Danylo (Author)
Other Authors: Protasov, Roman (Thesis advisor)
Format: Manuscript Book
Language:Slovak
Published: 2025
Subjects:
Online Access:http://is.stuba.sk/zp/portal_zp.pl?podrobnosti=179024
Tags: Add Tag
No Tags, Be the first to tag this record!

MARC

LEADER 00000ntm a22000003a 4500
001 stuzp104694
003 SK-STU
005 20250628211913.0
007 ta
008 150427s2015----xo-----f-mn---000-0-slo-d
040 |a STU  |b slo 
041 0 |a slo 
100 1 |a Bilhovskyi, Danylo  |u 020030  |4 aut  |U SjF Strojnícka fakulta  |T SjF Ústav automobilového inžinierstva a konštruovania  |X 119433  |U J0030  |Y 806  |7 119433 
242 0 1 |a Conceptual Design of a Wheeled Excavator Chassis with 20-ton Weight  |y eng 
245 1 0 |a Koncepčný návrh podvozku kolesového rýpadla s hmotnosťou 20 t 
260 |c 2025 
650 4 |a rám  |2 slo 
650 4 |a kolesové rýpadlo  |2 slo 
650 4 |a podvozok  |2 slo 
650 4 |a stabilita  |2 slo 
650 4 |a wheeled excavator  |2 eng 
650 4 |a frame  |2 eng 
650 4 |a stability  |2 eng 
650 4 |a chassis  |2 eng 
700 1 |a Protasov, Roman  |u 020030  |k Z1  |4 ths  |U SjF Strojnícka fakulta  |T SjF Ústav automobilového inžinierstva a konštruovania  |X 101680  |U J0030  |Y 806  |7 101680 
856 4 |u http://is.stuba.sk/zp/portal_zp.pl?podrobnosti=179024